Identify The Language By The Sentence - Statistics

General Stats
  • This quiz has been taken 172 times
  • The average score is 12 of 15
Answer Stats
Hint Answer % Correct
You are my mother English
98%
Du bist meine Mutter German
97%
Tú eres mi madre Spanish
97%
أنت أمي Arabic
95%
Ты моя мама Russian
95%
君は僕の母だよ Japanese
93%
Tu es ma mère French
91%
Tu sei mia madre Italian
88%
Jij bent mijn moeder Dutch
81%
Είσαι η μητέρα μου Greek
81%
Ти моя мати Ukrainian
79%
Bạn là mẹ tôi Vietnamese
78%
את אמא שלי Hebrew
75%
is tú mo mháthair Irish
50%
Du er min mor Norwegian
48%
No matching quizzes found
Score Distribution
Percent of People with Each Score
Percentile by Number Answered
Your Score History
You have not taken this quiz